Countries by Historical Figures #1 - Statistics

General Stats
  • This quiz has been taken 3,278 times
  • The average score is 17 of 20
Answer Stats
Hint Answer % Correct
Mahatma Gandhi, Jawaharlal Nehru India
100%
William Shakespeare, Winston Churchill United Kingdom
100%
Mao Zedong, Qin Shi Huang China
99%
Molière, Charles De Gaulle France
98%
Aristotle, Theodoros Kolokotronis Greece
98%
Pyotr Stolypin, Vladimir Lenin Russia
98%
Nelson Mandela, Nkosi Johnson South Africa
96%
Leonardo Fibonacci, Christopher Columbus Italy
95%
Martin Luther, Otto von Bismarck Germany
92%
Ramesses II, Anwar Sadat Egypt
91%
Pierre Trudeau, Terry Fox Canada
90%
Yoshida Shigeru, Oda Nobunaga Japan
89%
Oscar Wilde, John Hume Ireland
85%
Alfred Nobel, Gustav III Sweden
84%
Cyrus the Great, Reza Shah Pahlavi Iran
79%
Vlad Țepeș, Mihai Eminescu Romania
73%
Salvador Allende, Arturo Prat Chile
52%
Sukarno, Hayam Wuruk Indonesia
52%
Mansa Musa, Sory Bamba Mali
49%
Getúlio Vargas, Princess Isabel Brazil
44%
No matching quizzes found
Score Distribution
Percent of People with Each Score
Percentile by Number Answered
Your Score History
You have not taken this quiz